000 00309nam a2200145Ia 4500
100 _aCourant/ Richard
490 _v2
942 _cBK
654 _acalculus
245 _aIntroduction to calculus & analysis
260 _bJohn wiley
_aSingapore
_c1974
300 _a954
546 _aENGLISH
999 _c29158
_d29158